MDQL
is popping MORE tags! Check the
thread
!
Quizzes
Events
Quiz Creation
Community
Videos
Private Events
Remove Ads
Sign In
Join for FREE
Feedback
Dark Mode
Quiz Categories
Sports
Geography
Music
Movies
Television
Just For Fun
Miscellaneous
History
Literature
Language
Science
Gaming
Entertainment
Religion
Holiday
For Kids
Quiz Lab
Recent
Popular Today
Quiz Kudos Today
Editor Picks
Curator Picks
Quizzes by...
Day
Popularity
Type
Ratings
Length
Year
Community
Subscriptions
Recent Discussions
Orange Saloon
Badges
Playlists
Quests
Create
Leaderboards
Showdown
Live 5
Trivia Bingo
Activity
Puzzle Library
Sporcle Events
Private Events
Virtual Trivia
Globe League
Become a Host
Pub Owners
SporcleCon
Opinionation
Our Games
Videos
Blog
Mobile Apps
Partnerships
Remove Ads and Go Orange
Feedback
Miscellaneous
Crossword
General Knowledge
Baby Names
Logo
Food
Cars
Numbers
Grab Bag
University
College
Popular
Company
Slogans
Restaurants
Justice
Letter
Miscellaneous
Crossword
General Knowledge
Baby Names
Logo
Food
Cars
Numbers
Grab Bag
University
College
Popular
Company
Slogans
Restaurants
Justice
Letter
Random Quiz
Search Sporcle
×
Quiz Lab
Quiz Lab
Miscellaneous
Word Ladder
Type in answers that appear in a list
Type in answers that appear in a list
Classic
Best Score? Go Orange.
3 Letter Word Ladder Stats
Can you name the 3 letter words in this word ladder?
By
NvjdsIsSmart
5m
30 Questions
305 Plays
305 Plays
305 Plays
Comments
Comments
Give Quiz Kudos
Give Quiz Kudos
-
- Ratings
hide this ad
Forced Order
Answers have to be entered in order
Answers have to be entered in order
Replay
Link that replays current quiz
Next Quiz
Link to next quiz in quiz playlist
You Got
0%
They Got
Avg Score
92%
Avg Friend Score
Upgrade to see
Score Distribution
Jump to the score distribution portion of the page
Score
0/30
Timer
05:00
0
Plays Today
Hint
Word
% Correct
Fish have _
_
_
s to help them swim
Fin
98.4%
Ceiling _
_
_
s help cool people off when its 80 degrees outside
Fan
98.4%
Get _
_
_
of the house!
Out
97.4%
_
_
_
that down before you break it!
Put
97.4%
You get a _
_
_
from being in the sun too long
Tan
97%
If it's yours and someone elses, then you would both say it's _
_
_
s
Our
97%
A policeman can be called a _
_
_
for short
Cop
97%
A little baby dog can be called this
Pup
96.7%
You drink with a...
Cup
96.7%
A bunny _
_
_
s
Hop
96.7%
The opposite of cold is...
Hot
96.4%
You would use an _
_
_
to move yourself forward in a canoe
Oar
96.1%
_
_
_
pits are black and gooey, but help to build railways
Tar
95.7%
The opposite of old is...
New
95.1%
You catch butterflies in a...
Net
94.7%
Hint
Word
% Correct
_
_
_
the heck did you do that?
How
94.4%
I've _
_
_
it!
Got
94.1%
You didn't can also mean you did _
_
_
Not
93.8%
You have to complete the challenge to _
_
_
the award
Get
93.8%
When you have already 'feeded' someone it means you've _
_
_
them
Fed
93.4%
When you say yes without talking, you _
_
_
Nod
93.4%
You wear a _
_
_
on your head
Hat
93.4%
You need to do this quiz...
Now
92.4%
_
_
_
's Declassified is a show on Nickelodeon starring Devon Workheiser
Ned
90.5%
You've _
_
_
your chance!
Had
90.5%
_
_
_
is the holy man of Christianity
God
88.8%
3 can be called a...
Few
88.2%
E_
_
_
! Bad dad!
Gad
83.2%
The only 3 letter element of the periodic table
Tin
80.3%
World of _
_
_
is a fun game on the Wii
Goo
55.9%
Quiz Playlist
Details
Report
Send in Message
Add To Playlist
Classic:
Type in answers that appear in a list
Forced Order:
Answers have to be entered in order
Last Updated: Feb 16, 2017
Quiz Scoreboard
CHALLENGE
Sign Up to Join the Scoreboard
Show All
Scores
Hide
Comments
May contain spoilers
Recently Published
1-10 Letter E Words III
by El_Dandy
Language
2m
Street Fighter Characters
by Artimus82
Gaming
60s
College Basketball Coaching Resumes
by pancakes188
Sports
9m
More to Explore
Quiz From the Vault
Featured Blog Post
Where Did the Easter Bunny Come From?
hide this ad
You Might Also Like...
Tags
Letter Quiz
Word Ladder Quiz
Today's Top Quizzes in Miscellaneous
Browse Miscellaneous
hide this ad
Today's Top Quizzes in Word Ladder
Browse Word Ladder
Top Contributed Quizzes in Miscellaneous
1
5-to-1: Fast Food
2
The JOE quick-fire general knowledge quiz: Day 174
3
The JOE quick-fire general knowledge quiz: Day 173
4
5-to-1: Cocktails
5
The JOE quick-fire general knowledge quiz: Day 172
6
9x9 Crossword: Disney Movie Titles
7
9x9 Crossword: Charlie and the Chocolate Factory
8
Sunday Crossword: Famous Bodies of Water
9
The JOE quick-fire general knowledge quiz: Day 171
10
9x9 Crossword: Flags
Explore More
Trending Topics
Crossword
Harry Potter
Marvel
Kpop
Disney
Anime
NBA
The Office
NFL
Soccer
Song
Country
WWE
Pokémon
Puzzle
hide this ad
More By:
NvjdsIsSmart
Quiz
Plays
Rating
Category
Featured
Created
Most Populous States Minefield
658,385
4.26
Geography
Jul 1, 2011
Country by Continent/Beginning Letter
277,720
4.74
Geography
Feb 23, 2011
24 Largest Countries Alphabetically
241,941
3.14
Geography
Aug 19, 2011
Most Populous Country A-Z Minefield
146,626
3.80
Geography
Aug 17, 2011
Least Populous States Minefield
115,628
4.33
Geography
Jul 7, 2011
Go to Creator's Profile
Score Distribution
Quiz Creator Spotlight
NvjdsIsSmart
Follow
Send a Message
Quizzes Created
-
Created Quiz Play Count
-
More By This Creator
Popular Quizzes Today
1
Find the US States - No Outlines Minefield
2
Find the Countries of Europe - No Outlines Minefield
3
The Countries of the World
4
Find the US States
5
Risky Map Clicking: Biggest States A-Z
6
US States
7
Popular People in 1961
8
Movies - When Are They Set?
More Miscellaneous Quizzes
Top 300 Boy Names (2014)
Published
Trending Quizzes
Risky Map Clicking: Least Populous States A-Z
USA Borders Longest to Shortest
1-10 Letter G Words
1-10 Letter F Words
Countries of the World: 200 Million BC
Recently Updated
Leaping Animals
pecheneg
Reality TV Shows (A-Z)
bhenderson79
Rickey Henderson's Hall of Fame Teammates
pecheneg
Champions League XIs: Arsenal
pecheneg
Quick Pick: Celebrities in WWE's Hall of Fame
aduchscher
A-Z Keypad Blitz II
pecheneg
Multiple Oscar Actors
pecheneg
Mystery Phrase Blitz: Oscar 'Best Actors'
pecheneg
F. Scott Fitzgerald Novels
LTH
Pick 3 Villains
ddd62291
Trending Topics
NBA
Kpop
Anime
Crossword
Harry Potter
Marvel
Disney
WWE
NFL
Pokémon
The Office
Soccer
Puzzle
Song
Country
Your Account Isn't Verified!
In order to create a playlist on Sporcle, you need to verify the email address you used during registration. Go to your
Sporcle Settings
to finish the process.
Report this User
Report this user for behavior that violates our
Community Guidelines
.
Details:
Send Report
Go to the Sporcle.com Mobile Site →
Comments